[Event "Mistrovstvi Cech 2019 - HD12"]
[Site "Prichovice u Korenova"]
[Date "2019.10.28"]
[Round "3"]
[White "Janouskova, Adela"]
[Black "Bouska, Jiri"]
[Result "0-1"]
[WhiteElo "1257"]
[BlackElo "1457"]
[EventDate "2019.10.26"]

1. e4  e5  2. d4  exd4
3. Qxd4  Nc6  4. Qe3
b6  5. Bc4  Bc5
6. Qg3  Qf6  7. Nf3  Bd6
8. Qg4  Bb4+  9. c3
d5  10. Qh5  dxc4
11. cxb4  Nxb4  12. Qb5+
Nc6  13. O-O  Bd7
14. Qxc4  Nge7  15. Nc3
O-O  16. Bg5  Qg6
17. Ne2  Be6  18. Qc2
f6  19. Nf4  Qf7
20. Nxe6  Qxe6  21. Bf4
Ng6  22. Bxc7  Rac8
23. Bg3  Kh8  24. Qa4
Rfe8  25. Rfe1  Qe7
26. Rad1  Qb4  27. Qxb4
Nxb4  28. Rd7  a6
29. a3  Nc2  30. Re2
Nf8  31. Rdd2  Red8
32. h3  Na1  33. Rxd8
Rxd8  34. Re1  Nb3
35. Bc7  Rd7  36. Bxb6
Ne6  37. Be3  Kg8
38. Kh2  Kf7  39. Kg3
h5  40. Nh4  g5
41. Nf5  Nd2  42. Bxd2  Rxd2
43. Rc1  h4+  44. Kf3
Rxb2  45. Rc3  Nf4
46. Rc7+  Ke8  47. Rc3
Ng6  48. a4  Ne5+
49. Ke3  Ra2  50. Nd6+ Kd7
51. Nc8  Ke6  52. Nb6
Rb2  53. Nc4  Ra2
54. Nxe5  Kxe5  55. Rc4
Ra3+  56. Kd2  Ra1
57. Ke3  Ra3+  58. Kd2
Kf4  59. Ke2  Ra2+
60. Kf1  Ra1+  61. Ke2
Rg1  62. e5+  Kxe5
63. Kf3  Ra1  64. Ke3
Ra3+  65. Ke2  Kd5
66. Rb4  Kc5  67. Re4
Rb3  68. Re6  Rb6
69. Re4  a5  70. Kd3
Rb3+  71. Kc2  Ra3
72. Kb2  Rd3  73. Kc2
Rd4  74. Rxd4  Kxd4
75. g3  Kc4  76. gxh4
gxh4  77. f3  Kb4
78. Kb2  Kxa4  79. Ka2
Kb4  80. Kb2  Kc4
81. Ka3  Kd3  82. Ka4
Ke3  83. Kxa5  Kxf3
84. Kb4  f5  85. Kc3
Ke3  86. Kc2  f4
87. Kd1  Kf2  88. Kd2
Kg2  89. Ke2  f3+
90. Ke1  f2+  0-1

[Event "Mistrovstvi Cech 2019 - HD12"]
[Site "Prichovice u Korenova"]
[Date "2019.10.28"]
[Round "3"]
[White "Svoboda, Daniel"]
[Black "Vana, Jan"]
[Result "1/2-1/2"]
[WhiteElo "1462"]
[BlackElo "1268"]
[EventDate "2019.10.26"]

1. e4  c5  2. c3  d5
3. exd5  Qxd5  4. d4
cxd4  5. cxd4  e5
6. dxe5  Qxd1+  7. Kxd1
Nc6  8. Nc3  Bf5
9. Bd2  O-O-O  10. Nf3
Bg4  11. Ke1  a6
12. Rc1  Kb8  13. Be2
Bxf3  14. Bxf3  Nxe5
15. Bf4  Bd6  16. Bxe5
Bxe5  17. Rd1  Rxd1+
18. Kxd1  Nf6  19. Re1
Rd8+ 20. Kc2 1/2-1/2

[Event "Mistrovstvi Cech 2019 - HD12"]
[Site "Prichovice u Korenova"]
[Date "2019.10.28"]
[Round "3"]
[White "Popov, Roman"]
[Black "Levitner, Matej"]
[Result "0-1"]
[WhiteElo "1461"]
[BlackElo "1347"]
[EventDate "2019.10.26"]

1. e4  c5  2. Nf3  e6
3. d4  cxd4  4. Nxd4
a6  5. g3  b5
6. Bg2  Bb7  7. O-O  Qc7
8. Be3  d6  9. Nc3
Nd7  10. a3  Ngf6
11. Nb3  Be7  12. f4
O-O  13. g4  h6
14. g5  hxg5  15. fxg5  Nh7
16. Qh5  g6  17. Qh4
Qd8  18. Qh6  Bxg5
19. Bxg5  Qxg5  20. Qxg5
Nxg5  21. h4  Nh7
22. Rad1  Nc5  23. Na5
Ra7  24. Rxd6  Ba8
25. Rfd1  Nf6  26. e5
Bxg2  27. Kxg2  Ng4
28. Re1  Rc8  29. Nc6
Rb7  30. b4  Rbc7
31. Kf3  Nb7  32. Ne4
Nxd6  33. Nxd6  Nxe5+
34. Nxe5  Rxc2  35. Nxc8
Rxc8  36. Re3  Kg7
37. Nd7  Rc4  38. Kg3
Rc1  39. Nc5  a5
40. bxa5  Rxc5  41. Rb3
Rc4  42. Rxb5  Rc3+
43. Kg4  Rxa3  44. Kf4
Kf6  45. Kg4  Ra4+
46. Kg3  Kg7  47. Re5
f5  48. Rxe6  Rxa5
49. Kf4  Ra4+  50. Kg5
Rg4# 0-1

[Event "Mistrovstvi Cech 2019 - HD12"]
[Site "Prichovice u Korenova"]
[Date "2019.10.28"]
[Round "3"]
[White "Belaska, Vaclav"]
[Black "Martirosyan, David"]
[Result "1/2-1/2"]
[WhiteElo "1339"]
[BlackElo "1441"]
[EventDate "2019.10.26"]

1. e4  c5  2. Nf3  d6
3. d4  cxd4  4. Nxd4
Nf6  5. Nc3  a6
6. Bg5  e6  7. f4  Qb6
8. Nb3  Nc6  9. Qf3
Be7  10. O-O-O  Qc7
11. g4  h6  12. Bxf6
Bxf6  13. Be2  b5
14. Bxb5  axb5  15. Nxb5
Qb6  16. Nxd6+  Kf8
17. a3  Nb8 18. Nc4 1/2-1/2

[Event "Mistrovstvi Cech 2019 - HD12"]
[Site "Prichovice u Korenova"]
[Date "2019.10.28"]
[Round "3"]
[White "Belaska, Adam"]
[Black "Barta, David"]
[Result "0-1"]
[WhiteElo "1196"]
[BlackElo "1478"]
[PlyCount "50"]
[EventDate "2019.10.26"]

1. e4 e5 2. f4 exf4 3. Nf3 g5 4. Bc4 g4 5. O-O gxf3 6. Qxf3 Qg5 7. d4 Qf6 8.
Bxf4 Qxd4+ 9. Be3 Qxc4 10. Nc3 Nc6 11. Nd5 Ne5 12. Qf4 Bd6 13. Rae1 Kd8 14.
Qg5+ Ne7 15. Nxe7 Bxe7 16. Qxe5 f6 17. Rxf6 Re8 18. Ref1 d6 19. Rxd6+ cxd6 20.
Qa5+ Qc7 21. Qd5 Qc6 22. Qa5+ b6 23. Qd2 Bb7 24. Bg5 Qc5+ 25. Kh1 Qxg5 0-1

[Event "Mistrovstvi Cech 2019 - HD12"]
[Site "Prichovice u Korenova"]
[Date "2019.10.28"]
[Round "3"]
[White "Svoboda, Ondrej"]
[Black "Bartak, Josef"]
[Result "0-1"]
[WhiteElo "1198"]
[BlackElo "1425"]
[EventDate "2019.10.26"]
[PlyCount "40"]

1. d4 d5 2. Bf4 Nc6 3. c3 Nf6 4. e3 Bf5 5. Nd2 e6 6. Ngf3 Nh5 7. Bg5 f6 8. Bh4
g5 9. Nxg5 fxg5 10. Qxh5+ Bg6 11. Qg4 gxh4 12. Qxe6+ Be7 13. Bb5 Qd7 14. Bxc6
bxc6 15. Qe5 Rf8 16. Nf3 Rf5 17. Qg7 Qe6 18. Qh6 O-O-O 19. O-O-O Rh5 20. Qg7
Bf6 0-1

[Event "Mistrovstvi Cech 2019 - HD12"]
[Site "Prichovice u Korenova"]
[Date "2019.10.28"]
[Round "3"]
[White "Slosar, Jan"]
[Black "Roubal, Matyas"]
[Result "0-1"]
[WhiteElo "1173"]
[BlackElo "1256"]
[EventDate "2019.10.26"]
[PlyCount "80"]

1. d4 d5 2. Nf3 Nf6 3. c4 e6 4. Nc3 Nbd7 5. Bg5 Be7 6. e3 O-O 7. Bd3 dxc4 8.
Bxc4 h6 9. Bh4 b6 10. O-O Bb7 11. Ne5 Nxe5 12. dxe5 Nd7 13. Bxe7 Qxe7 14. h3
Nxe5 15. Bb3 Rfd8 16. Qh5 Nd7 17. Rac1 Nf6 18. Qe2 c5 19. a3 Rac8 20. Ba2 a6
21. Rfd1 b5 22. e4 c4 23. e5 Nd5 24. Ne4 Nf4 25. Qe3 Bxe4 26. Qxe4 Nd5 27. Bb1
g6 28. Qg4 h5 29. Qf3 Qg5 30. g3 Qxe5 31. Rd2 c3 32. bxc3 Rxc3 33. Rxc3 Qe1+
34. Kg2 Qxd2 35. Rc6 a5 36. Rc5 Rb8 37. Be4 Qd4 38. Rc6 b4 39. axb4 axb4 40.
Rd6 Ne3+ 0-1

[Event "Mistrovstvi Cech 2019 - HD12"]
[Site "Prichovice u Korenova"]
[Date "2019.10.28"]
[Round "3"]
[White "Garabik, Marek"]
[Black "Marsik, Ondrej"]
[Result "1-0"]
[WhiteElo "1381"]
[BlackElo "1304"]
[EventDate "2019.10.26"]
[PlyCount "167"]

1. e4 d6 2. d4 Nf6 3. Nc3 g6 4. Nf3 Bg7 5. Bd3 Nbd7 6. h3 e5 7. dxe5 dxe5 8.
Bg5 Qe7 9. Nd5 Qd6 10. Nxf6+ Nxf6 11. Bxf6 Bxf6 12. Bb5+ Bd7 13. Bxd7+ Qxd7 14.
Qxd7+ Kxd7 15. Rd1+ Ke6 16. Ke2 Rad8 17. Rxd8 Rxd8 18. Rd1 Rxd1 19. Kxd1 Kd6
20. Kd2 b6 21. b3 a6 22. c4 c5 23. a4 Kc6 24. Kc3 b5 25. axb5+ axb5 26. g4 b4+
27. Kd3 Bg7 28. Ng5 f6 29. Nxh7 Kd6 30. g5 f5 31. exf5 gxf5 32. h4 Ke6 33. h5
e4+ 34. Ke2 f4 35. h6 Bd4 36. g6 f3+ 37. Kf1 e3 38. fxe3 Bxe3 39. g7 Kf7 40.
Nf8 Bxh6 41. Kf2 Bxg7 42. Nd7 Bd4+ 43. Kxf3 Ke7 44. Nb6 Ke6 45. Ke4 Bg1 46. Nd5
Bh2 47. Ne3 Bg1 48. Nf5 Bf2 49. Ng7+ Kd6 50. Kf5 Bd4 51. Nh5 Ke7 52. Nf4 Kd7
53. Ne6 Bf2 54. Ke5 Kc6 55. Nf8 Bg3+ 56. Ke6 Bd6 57. Nd7 Bf4 58. Ne5+ Kc7 59.
Kd5 Be3 60. Nd3 Kb6 61. Kd6 Bg1 62. Ne5 Bh2 63. Kd5 Kc7 64. Nd3 Bd6 65. Nxc5
Be7 66. Ne6+ Kb6 67. c5+ Kb7 68. c6+ Kc8 69. Nd4 Kc7 70. Nb5+ Kc8 71. Ke6 Bh4
72. Kd5 Bg3 73. Kc5 Be1 74. Nd4 Kc7 75. Nc2 Bc3 76. Nxb4 Bxb4+ 77. Kxb4 Kxc6
78. Kc4 Kb6 79. Kb4 Kc6 80. Ka5 Kb7 81. Kb5 Ka7 82. Kc6 Kb8 83. b4 Kc8 84. b5
1-0

[Event "Mistrovstvi Cech 2019 - HD12"]
[Site "Prichovice u Korenova"]
[Date "2019.10.28"]
[Round "3"]
[White "Bukvaj, Martin"]
[Black "Hejda, Ondrej"]
[Result "1/2-1/2"]
[WhiteElo "1329"]
[BlackElo "1355"]
[EventDate "2019.10.26"]
[PlyCount "45"]

1. e4 c6 2. d4 d5 3. exd5 cxd5 4. c3 Nf6 5. Bd3 g6 6. Nf3 Bg7 7. Bf4 Nc6 8. O-O
O-O 9. Re1 Bf5 10. Bxf5 gxf5 11. Nbd2 Kh8 12. Nf1 Qb6 13. Rb1 e6 14. Ne5 Nxe5
15. Bxe5 Rg8 16. Bxf6 Bxf6 17. Re3 Qc7 18. Rh3 Rg7 19. Rg3 Rag8 20. Qf3 Be7 21.
Rxg7 Rxg7 22. Re1 Qb6 23. Qd3 1/2-1/2

[Event "Mistrovstvi Cech 2019 - HD12"]
[Site "Prichovice u Korenova"]
[Date "2019.10.28"]
[Round "3"]
[White "Jun, Robert"]
[Black "Velkoborsky, Tadeas"]
[Result "1/2-1/2"]
[WhiteElo "1320"]
[BlackElo "1147"]
[EventDate "2019.10.26"]
[PlyCount "56"]

1. e4 d5 2. exd5 Nf6 3. Nc3 Nxd5 4. Nxd5 Qxd5 5. Nf3 Bg4 6. Be2 e5 7. d3 Nc6 8.
c4 Qe6 9. O-O O-O-O 10. Ng5 Bxe2 11. Nxe6 Bxd1 12. Nxd8 Be2 13. Re1 Nd4 14.
Nxf7 Rg8 15. Nxe5 Bd6 16. Nf7 Bxd3 17. Nxd6+ cxd6 18. Rd1 Nc2 19. Rb1 Nb4 20.
a3 Bxb1 21. axb4 Re8 22. Be3 Ba2 23. Rxd6 Bxc4 24. h3 a6 25. Rd4 Bb5 26. Rf4
Re7 27. Rf5 g6 28. Rc5+ Kd7 1/2-1/2

[Event "Mistrovstvi Cech 2019 - HD14"]
[Site "Prichovice u Korenova"]
[Date "2019.10.28"]
[Round "3"]
[White "Jirasko, Miroslav"]
[Black "Hak, David"]
[Result "0-1"]
[WhiteElo "1640"]
[BlackElo "2018"]
[EventDate "2019.10.26"]

1. e4 e6  2. d4  d5  3. Nd2
a6  4. c3  c5
5. exd5  exd5  6. Ngf3  Nf6 7.
Bd3  cxd4  8. Nxd4  Qe7+
9. Be2  Qc7  10. O-O
Bd6  11. N2f3  O-O
12. Re1  Nc6  13. h3
Ne4  14. Bd3  Nxd4
15. Nxd4  f5  16. Qb3
Bh2+  17. Kf1  Nxf2
18. Qxd5+  Kh8  19. Kxf2
Qg3+  20. Kf1  Qxd3+
21. Re2  Re8  22. Bd2
Be6  23. Qxb7  Bc4
24. Qf3  Qxd2  25. Qd5 0-1

[Event "Mistrovstvi Cech 2019 - HD14"]
[Site "Prichovice u Korenova"]
[Date "2019.10.28"]
[Round "3"]
[White "Hlavina, Matous"]
[Black "Zalusky, Matej"]
[Result "1-0"]
[WhiteElo "1983"]
[BlackElo "1617"]
[EventDate "2019.10.26"]

1. e4  c5  2. Nf3  Nc6
3. d4  cxd4  4. Nxd4
g6  5. g3  Bg7
6. Ne2  Nf6  7. Nbc3  O-O
8. Bg2  d6  9. O-O
Be6  10. h3  Qd7
11. Kh2  Rfd8  12. Nd5
Rac8  13. Be3  b6
14. f4  Nxe4  15. Bxe4
Bxh3  16. Rg1  Bxb2
17. Rb1  Bg7  18. Nd4
Nxd4  19. Bxd4  Bg4
20. Qd2  f5  21. Bxg7
fxe4  22. Bc3  Rc5
23. Qd4  Kf7  24. Qg7+
Ke6  25. Qd4  Bf3
26. Rbe1  Qb7  27. f5+
Kd7  28. Ne3  gxf5
29. Bb4  Rc7  30. c4
Rdc8  31. Rc1  Qa6
32. Rc2  Rf8  33. Nd5
Rcc8  34. Qg7  Rce8
35. Nxe7  Ke6  36. Nd5 1-0

[Event "Mistrovstvi Cech 2019 - HD14"]
[Site "Prichovice u Korenova"]
[Date "2019.10.28"]
[Round "3"]
[White "Dolensky, Filip"]
[Black "Smolik, Jachym"]
[Result "0-1"]
[WhiteElo "1609"]
[BlackElo "1900"]
[EventDate "2019.10.26"]

1. e4  e6  2. Nc3  d5
3. f4  Nf6  4. Qf3
a6  5. Nh3  c5
6. g4  Nc6  7. Nf2  Nd4
8. Qd1  dxe4  9. Bg2
Nd5  10. Nxd5  exd5
11. d3  exd3  12. Qxd3
Qe7+  13. Kd1  Qh4
14. Qe3+  Be7  15. h3
O-O  16. c3  Nc6
17. Kc2  d4  18. Qe2
c4  19. Bxc6  d3+
20. Nxd3  cxd3+  21. Kxd3
bxc6  22. Qxe7  Qxe7
0-1

[Event "Mistrovstvi Cech 2019 - HD14"]
[Site "Prichovice u Korenova"]
[Date "2019.10.28"]
[Round "3"]
[White "Stocek, Martin"]
[Black "Juchelka, Marek"]
[Result "1/2-1/2"]
[WhiteElo "1726"]
[BlackElo "1604"]
[EventDate "2019.10.26"]

1. d4  f5  2. c4  e6
3. Nc3  d5  4. Nf3
Nf6  5. Bg5  Be7
6. e3  O-O  7. Bd3
c6  8. Qc2  Ne4
9. Bf4  Nd7  10. h3  h6
11. Ne5  Nxe5  12. Bxe5
Bd6  13. Bxd6  Qxd6
14. c5  Qe7  15. O-O
e5  16. f4  exd4
17. exd4  Qf6  18. Ne2
Be6  19. b4  Bf7
20. Qb2 1/2-1/2

[Event "Mistrovstvi Cech 2019 - HD14"]
[Site "Prichovice u Korenova"]
[Date "2019.10.28"]
[Round "3"]
[White "Duriancik, Michal"]
[Black "Prazak, Daniel"]
[Result "1/2-1/2"]
[WhiteElo "1593"]
[BlackElo "1725"]
[EventDate "2019.10.26"]

1. Nf3 e6 2. g3 d5 3. Bg2 Nf6 4. c4 c6 5. b3 Nbd7 6. Bb2 Bd6 7. O-O Qe7 8. e3
dxc4 9. bxc4 e5 10. d3 O-O 11. Nc3 Re8 12. Nd2 Nc5 13. Nde4 Nfxe4 14. Nxe4 Nxe4
15. Bxe4 f5 16. Bg2 Be6 17. Qc2 Rad8 18. Rab1 Bf7 19. f4 exf4 20. exf4 Bc5+ 21.
Kh1 Qe2 22. Qxe2 Rxe2 23. Rfd1 Bh5 24. d4 Rxb2 25. Rxb2 Bxd1 26. dxc5 Bh5 27. Kg1
Rd7 28. Kf2 Bf7 29. Bf1 Kf8 30. Ke3 Ke8 31. Rd2 1/2-1/2

[Event "Mistrovstvi Cech 2019 - HD14"]
[Site "Prichovice u Korenova"]
[Date "2019.10.28"]
[Round "3"]
[White "Svacina, Tobias"]
[Black "Werner, Hong Quan Dan"]
[Result "1-0"]
[WhiteElo "1538"]
[BlackElo "1699"]
[EventDate "2019.10.26"]

1. e4  e5  2. Nc3  Nf6
3. f4  d5  4. fxe5
Nxe4  5. d3  Nxc3
6. bxc3  Nc6  7. Nf3
d4  8. Be2  Bc5
9. O-O  dxc3+  10. Kh1  Be6
11. Qe1  Nd4  12. Qxc3
Bb6  13. Qd2  Qd5
14. Bb2  Nxe2  15. Qxe2
h6  16. c4  Qd7
17. d4  c6  18. Rad1  O-O-O
19. Rd2  g5  20. d5
cxd5  21. cxd5  Bxd5
22. e6  fxe6  23. Bxh8
Rxh8  24. Rc2+  Bc7
25. Ne5  Qd6  26. Rf7
Bc6  27. Rxc6  bxc6
28. Qa6+  Kd8  29. Nxc6+
Ke8  30. Re7+  Kf8
31. Qc8+  Bd8  32. Rd7
1-0

[Event "Mistrovstvi Cech 2019 - HD14"]
[Site "Prichovice u Korenova"]
[Date "2019.10.28"]
[Round "3"]
[White "Stejskal, Michal"]
[Black "Stastny, Simon"]
[Result "1-0"]
[WhiteElo "1691"]
[BlackElo "1474"]
[EventDate "2019.10.26"]

1. e4 e5 2. Nf3 Nc6 3. Bb5 a6 4. Ba4 Nf6 5. O-O b5 6. Bb3 Be7 7. Re1 d6 8. c3 Bg4
9. d4 exd4 10. cxd4 Bxf3 11. gxf3 Na5 12. Bc2 O-O 13. Kh1 c5 14. Rg1 cxd4 15. Bh6
Nh5 16. f4 Kh8 17. Qxh5 gxh6 18. e5 Rg8 19. Nd2 d3 20. Bxd3 Rxg1+ 21. Rxg1 Qf8
22. Qf5 1-0

[Event "Mistrovstvi Cech 2019 - HD14"]
[Site "Prichovice u Korenova"]
[Date "2019.10.28"]
[Round "3"]
[White "Soucek, Petr"]
[Black "Benes, Jachym"]
[Result "1-0"]
[WhiteElo "1816"]
[BlackElo "1656"]
[EventDate "2019.10.26"]

1. d4  d5  2. c4  e6
3. Nf3  Nf6  4. g3
Nbd7  5. Bg2  Be7
6. O-O  O-O  7. b3
c5  8. e3  b6
9. Bb2  Bb7  10. Qe2  Rc8
11. Nbd2  Bd6  12. Ne5
Bb8  13. f4 Nxe5  14. dxe5
Ne8  15. Qg4  Qe7
16. cxd5  exd5  17. Rae1
f5  18. exf6  Nxf6
19. Qg5  Rce8  20. Bxf6
Rxf6  21. Bxd5+  Bxd5
22. Qxd5+  Kh8  23. Qg2
Re6  24. e4  Rf8
25. e5  g5  26. fxg5
Bxe5  27. Kh1  Re8
28. Nf3  Bg7  29. Rxe6
Qxe6  30. Nh4  Rf8
31. Rxf8+  Bxf8  32. Qf3
Qe1+  33. Kg2  Qd2+
34. Kh3  Qd7+  35. g4
Qg7  36. Qf4  Be7
37. Qb8+  Bf8  38. Nf5
Qf7  39. Qe5+  Bg7
40. Nxg7  Qxg7  41. Qb8+
Qg8  42. Qxa7  Qe6
43. Qb8+  Kg7  44. Qf4
Kg6  45. Qf6+  Qxf6
46. gxf6  Kxf6  47. Kg3
b5  48. Kf4  c4
49. bxc4  bxc4  50. h4  c3
51. Ke3  Ke5  52. a4
c2  53. Kd2  Kf4
54. a5  Kxg4  55. a6
Kxh4  56. a7  Kg3
57. a8=Q  1-0

[Event "Mistrovstvi Cech 2019 - HD14"]
[Site "Prichovice u Korenova"]
[Date "2019.10.28"]
[Round "3"]
[White "Le, Anh Dung"]
[Black "Prochazka, Vojtech"]
[Result "0-1"]
[WhiteElo "1575"]
[BlackElo "1763"]
[EventDate "2019.10.26"]

1. e4  c5  2. Nf3  e6
3. d4  cxd4  4. Nxd4
Nf6  5. Nc3  Nc6
6. Ndb5  Bb4  7. Nd6+
Ke7  8. Bf4  e5
9. Nf5+  Kf8  10. Be3  d5
11. a3  Bxc3+  12. bxc3
Nxe4  13. Ng3  Nxc3
14. Bc5+  Kg8  15. Qf3
Qa5  16. Be3  Nd4
0-1

[Event "Mistrovstvi Cech 2019 - HD14"]
[Site "Prichovice u Korenova"]
[Date "2019.10.28"]
[Round "3"]
[White "Papousek, Michal"]
[Black "Bednar, Milos"]
[Result "0-1"]
[WhiteElo "1717"]
[BlackElo "1573"]
[EventDate "2019.10.26"]

1. d4  g6  2. c4  Nf6
3. Nc3  d5  4. Nf3
Bg7  5. Bf4  O-O
6. e3  c6  7. Bd3 Nh5 8. Bg3
Nxg3  9. hxg3  dxc4
10. Bxc4  c5  11. dxc5
Qa5  12. Qb3  Bxc3+
13. bxc3  Qxc5  14. O-O-O
e6  15. Nd4  Nc6
16. Nxc6  bxc6  17. Rd4
Qf5  18. Rf4  Qe5
19. Rfh4  h5  20. g4
Bd7  21. gxh5  g5
22. Rd4  Rfb8  23. Qc2
Qc5  24. Bb3  Be8
25. Rhd1  a5  26. Kd2
Qe5  27. Rh1  c5
28. Re4  Qf5  29. Ba4
Bxa4  30. Rxa4  Qxf2+
31. Kc1  Qxe3+  32. Qd2
Rb1+  0-1

[Event "Mistrovstvi Cech 2019 - HD14"]
[Site "Prichovice u Korenova"]
[Date "2019.10.28"]
[Round "3"]
[White "Markova, Karolina"]
[Black "Winter, Ondrej"]
[Result "0-1"]
[WhiteElo "1455"]
[BlackElo "1806"]
[EventDate "2019.10.26"]

1. e4 c5 2. Nc3 Nc6 3. g3 g6 4. Bg2 Bg7 5. f4 e6 6. d3 Nge7 7. Nf3 d5 8. e5 O-O
9. O-O b6 10. Ne2 Ba6 11. g4 f6 12. exf6 Bxf6 13. Re1 Qd7 14. Ng3 Rae8 15. Bh3
Bg7 16. c3 b5 17. Ne5 Nxe5 18. fxe5 Nc6 19. d4 cxd4 20. cxd4 b4 21. Be3 Qb7 22.
Rc1 Qb6 23. Qd2 b3 24. axb3 Na5 25. Rc3 Nxb3 26. Qd1 Bc4 27. Bf1 Na5 28. Qc2 Rb8
29. Bxc4 Nxc4 30. b3 Nxe3 31. Rexe3 Qxd4 32. Rcd3 Qxg4 33. Kh1 Rbc8 34. Qb2 Qh3
35. Rd1 Rf7 36. Re2 Rcf8 37. Rg2 Rf3 0-1

[Event "Mistrovstvi Cech 2019 - HD14"]
[Site "Prichovice u Korenova"]
[Date "2019.10.28"]
[Round "3"]
[White "Vaclavik, Jan"]
[Black "Fotr, Michal"]
[Result "1/2-1/2"]
[WhiteElo "1797"]
[BlackElo "1430"]
[EventDate "2019.10.26"]

1. d4  d5  2. Bf4  Nf6
3. e3  Bf5  4. Nf3
e6  5. Nbd2  Be7
6. h3  h6  7. Be2
O-O  8. O-O  c5
9. c3  Qb6  10. Qc1  Nc6
11. Nb3  c4  12. Nbd2
Rfc8  13. Re1  a5
14. a4  Na7  15. Ne5
Nc6  16. Ndf3  Qa7
17. Bd1  Ne4  18. Nd2
Nd6  19. Bc2  f6
20. Bxf5  Nxf5  21. Nef3
Bd6  22. Bxd6  Nxd6
23. e4  Re8  24. exd5 1/2-1/2

[Event "Mistrovstvi Cech 2019 - HD14"]
[Site "Prichovice u Korenova"]
[Date "2019.10.28"]
[Round "3"]
[White "Vilimek, Vit"]
[Black "Seidl, Jan"]
[Result "1-0"]
[WhiteElo "1631"]
[BlackElo "1396"]
[EventDate "2019.10.26"]

1. e4  c6  2. d4  d5
3. f3  dxe4  4. fxe4
Nf6  5. Nc3  e6
6. Nf3  Bb4  7. Bd3  Nbd7
8. O-O  O-O  9. e5
Nd5  10. Bxh7+  Kh8
11. Ng5  g6  12. Nxf7+
Rxf7  13. Rxf7  Nxc3
14. bxc3  Nxe5  15. Bxg6
1-0

[Event "Mistrovstvi Cech 2019 - HD14"]
[Site "Prichovice u Korenova"]
[Date "2019.10.28"]
[Round "3"]
[White "Svejda, Karel"]
[Black "Pejrimovska, Viola Ruby"]
[Result "0-1"]
[WhiteElo "1389"]
[BlackElo "1583"]
[EventDate "2019.10.26"]

1. e4 c5 2. Nf3 e6 3. d3 a6 4. Nbd2 d6 5. g3 b5 6. Bg2 Bb7 7. O-O Qc7 8. Re1 Nf6
9. Nf1 Be7 10. h4 O-O 11. N1h2 Nc6 12. Qe2 Rac8 13. Bg5 Rfd8 14. Bxf6 Bxf6 15.
Ng5 Bxb2 16. Rab1 Bc3 17. Qh5 h6 18. Ng4 hxg5 19. hxg5 Qe7 20. Re3 Ne5 21. Nxe5
Bxe5 22. g4 g6 23. Qh4 f6 24. Rh3 fxg5 25. Qh6 Qg7 26. Qxg5 Bf6 27. Qe3 Bd4 28.
Qd2 Rf8 29. Bf3 Rf6 30. Kg2 Rff8 31. Rbh1 Qf7 32. c3 Bg7 33. Qg5 Qf6 34. Qe3 Qf4
35. Qe2 Bxc3 0-1

[Event "Mistrovstvi Cech 2019 - HD14"]
[Site "Prichovice u Korenova"]
[Date "2019.10.28"]
[Round "3"]
[White "Zelbova, Lada"]
[Black "Cervenka, Jakub"]
[Result "1-0"]
[WhiteElo "1571"]
[BlackElo "1378"]
[PlyCount "69"]
[EventDate "2019.10.26"]

1. d4 d5 2. Bf4 Nc6 3. e3 Nf6 4. c4 e6 5. Nf3 Bd6 6. Bg3 Ne4 7. Bxd6 Qxd6 8.
Nc3 Qb4 9. Qb3 Nd6 10. c5 Nc4 11. Bxc4 dxc4 12. Qc2 Ne7 13. O-O Bd7 14. Ne5 Rd8
15. b3 cxb3 16. axb3 Nd5 17. Nxd5 exd5 18. Nxd7 Rxd7 19. Rxa7 O-O 20. Qd3 c6
21. Ra4 Qb5 22. Qxb5 cxb5 23. Ra5 b4 24. Rfa1 h6 25. g3 Rb8 26. Rb5 Rc7 27. Ra7
Kh7 28. Rxb4 Kg6 29. Kg2 Kf6 30. Rba4 Ke7 31. b4 Kd7 32. b5 Rbc8 33. b6 Rc6 34.
Rxb7+ Kd8 35. Rxf7 1-0

[Event "Mistrovstvi Cech 2019 - HD14"]
[Site "Prichovice u Korenova"]
[Date "2019.10.28"]
[Round "3"]
[White "Hauser, Matthias"]
[Black "Sip, Marek"]
[Result "0-1"]
[WhiteElo "1383"]
[BlackElo "1553"]
[PlyCount "84"]
[EventDate "2019.10.26"]

1. e4 c6 2. d4 d5 3. exd5 cxd5 4. c4 Nf6 5. Nf3 e6 6. Nc3 b6 7. Bg5 Be7 8. cxd5
exd5 9. Bb5+ Bd7 10. Bxd7+ Nbxd7 11. O-O O-O 12. Bxf6 Nxf6 13. Ne5 Rc8 14. Nb5
a6 15. Na7 Rc7 16. Nac6 Qd6 17. Rc1 Rfc8 18. Qa4 Bf8 19. Rc3 Ne4 20. Rc2 f6 21.
Rfc1 fxe5 22. dxe5 Qd7 23. e6 Qxe6 24. Nd4 Rxc2 25. Rxc2 Rxc2 26. Nxc2 Nc5 27.
Qf4 Qe2 28. Ne3 Nd3 29. Qf5 Qe1+ 30. Nf1 Qe4 31. Qh5 Bc5 32. Qh3 Nxf2 33. Qc8+
Kf7 34. Qc7+ Kg6 35. Qc6+ Kf7 36. Qd7+ Qe7 37. Qxd5+ Kf8 38. Qa8+ Qe8 39. Qxa6
Kg8 40. b4 Nd3+ 41. Kh1 Nxb4 42. a3 Nxa6 0-1

[Event "Mistrovstvi Cech 2019 - HD14"]
[Site "Prichovice u Korenova"]
[Date "2019.10.28"]
[Round "3"]
[White "Simunek, Jakub Simon"]
[Black "Rezek, Filip"]
[Result "1-0"]
[WhiteElo "1543"]
[BlackElo "1368"]
[PlyCount "87"]
[EventDate "2019.10.26"]

1. d4 c6 2. c4 d5 3. Nf3 Nf6 4. Bf4 e6 5. cxd5 exd5 6. Nc3 Bf5 7. Qb3 Qb6 8. e3
Nbd7 9. Be2 Be7 10. O-O O-O 11. Rfc1 Ne4 12. Nxe4 Bxe4 13. Ng5 Bg6 14. Bg4 Nf6
15. Be2 h6 16. Nf3 Bh5 17. Qc2 Rad8 18. b4 a6 19. Rab1 Rc8 20. Qb3 Ne4 21. Rc2
Bg6 22. Bd3 Qd8 23. Ne5 Bh7 24. Rbc1 g5 25. Bg3 f5 26. Bxe4 fxe4 27. a4 Bd6 28.
b5 axb5 29. axb5 Bxe5 30. Bxe5 Qb6 31. Rc5 Bf5 32. Qc3 Bd7 33. Qc2 cxb5 34. Qb3
Rxc5 35. dxc5 Qe6 36. Bd6 Rf7 37. Qd1 Qf5 38. Qe1 Bc6 39. Ra1 Qf6 40. Ra8+ Kh7
41. h3 h5 42. Qe2 Qg6 43. Be5 Rf5 44. Rh8# 1-0

[Event "Mistrovstvi Cech 2019 - HD14"]
[Site "Prichovice u Korenova"]
[Date "2019.10.28"]
[Round "3"]
[White "Sulcova, Tereza Radmila"]
[Black "Dedek, Jan"]
[Result "1-0"]
[WhiteElo "1369"]
[BlackElo "1542"]
[PlyCount "49"]
[EventDate "2019.10.26"]

1. d4 Nf6 2. Nf3 c5 3. e3 g6 4. Bd3 Bg7 5. Nbd2 d6 6. O-O O-O 7. c3 Nbd7 8. e4
b6 9. e5 dxe5 10. dxe5 Ng4 11. e6 fxe6 12. Ng5 Ndf6 13. Bc4 Qd6 14. Ndf3 Nd5
15. Re1 h6 16. Nxe6 Rxf3 17. Qxf3 Qxh2+ 18. Kf1 Qh4 19. Qg3 Nge3+ 20. Bxe3
Qxc4+ 21. Kg1 Bxe6 22. Bxh6 Bf5 23. Bxg7 Kxg7 24. Qe5+ Kf7 25. b3 1-0

[Event "Mistrovstvi Cech 2019 - HD14"]
[Site "Prichovice u Korenova"]
[Date "2019.10.28"]
[Round "3"]
[White "Svoboda, Jan"]
[Black "Nagyova, Daniela"]
[Result "0-1"]
[WhiteElo "1368"]
[BlackElo "1532"]
[PlyCount "52"]
[EventDate "2019.10.26"]

1. c4 e5 2. d3 Nf6 3. Nf3 Nc6 4. a3 d5 5. cxd5 Nxd5 6. b4 Be6 7. Bb2 Be7 8.
Nxe5 Nxe5 9. Bxe5 Bf6 10. Bxf6 Qxf6 11. Nd2 O-O-O 12. Ne4 Qe5 13. Rc1 Bf5 14.
Nc5 b6 15. d4 Qe7 16. Nd3 Qh4 17. Ne5 Rhf8 18. g3 Qe4 19. f3 Qe3 20. Nc4 Qe6
21. Kf2 b5 22. Ne5 f6 23. Nc6 Qe3+ 24. Kg2 Qxa3 25. Nxa7+ Qxa7 26. e4 Ne3+ 0-1